[Event "21ème open inter de La Réunion"]
[Site "Salle des fêtes de Bellepierr"]
[Date "2019.10.20"]
[Round "3.4"]
[White "Testud, Philippe"]
[Black "Triton, Maxime"]
[Result "1/2-1/2"]
[WhiteElo "2140"]
[BlackElo "1835"]
[PlyCount "78"]
[EventDate "2019.??.??"]

1. d4 Nf6 2. Nf3 g6 3. Nbd2 d5 4. e3 Bg7 5. b4 a5 6. b5 c5 7. bxc6 Nxc6 8. Bb5
O-O 9. O-O Bf5 10. Bxc6 bxc6 11. Ba3 Qc7 12. Rc1 Rfc8 13. Re1 a4 14. c4 Qb7 15.
h3 h5 16. Nh4 Be6 17. Qc2 Qd7 18. Nhf3 Bf5 19. Qd1 Ne4 20. Qe2 Bf6 21. Red1 Qa7
22. Nxe4 dxe4 23. Nd2 h4 24. f3 exf3 25. Nxf3 Be4 26. Nd2 Bf5 27. Bc5 Qd7 28.
Kh2 Qc7+ 29. Kh1 Bg5 30. Rf1 Rcb8 31. e4 Bxd2 32. Qxd2 Bxe4 33. Rce1 f5 34. Qg5
Qg3 35. Qd2 a3 36. Re3 Qg5 37. Re2 Qg3 38. Re3 Qg5 39. Re2 Qg3 1/2-1/2

[Event "21ème open inter de La Réunion"]
[Site "Salle des fêtes de Bellepierr"]
[Date "2019.10.20"]
[Round "3.5"]
[White "Rebut, Paul"]
[Black "Lorans, Sylvain"]
[Result "0-1"]
[WhiteElo "1863"]
[BlackElo "2116"]
[PlyCount "134"]
[EventDate "2019.??.??"]

1. d4 Nf6 2. Bf4 d6 3. Nc3 Nbd7 4. Nf3 Nh5 5. Bg5 h6 6. Bh4 g5 7. Bg3 Bg7 8. e4
c5 9. d5 Qa5 10. Qd2 Qb4 11. O-O-O a6 12. Ne1 Ne5 13. Bxe5 Bxe5 14. Nd3 Bxc3
15. Qxc3 Qxc3 16. bxc3 c4 17. Ne1 b5 18. Nf3 Bg4 19. Re1 Bxf3 20. gxf3 Nf4 21.
h4 f6 22. Bh3 Kf7 23. h5 Rab8 24. a3 Rb7 25. Kd2 Rhb8 26. Bg4 Ke8 27. Rb1 Kd8
28. Rb2 Kc7 29. Rhb1 Kb6 30. a4 Kc5 31. axb5 Rxb5 32. Rxb5+ axb5 33. Ra1 Kb6
34. Rb1 Ra8 35. Bd7 Ra5 36. Be8 Kc5 37. Ke3 e6 38. dxe6 Nxe6 39. Bd7 Nf4 40.
Kd2 d5 41. exd5 Nxd5 42. Re1 Ra7 43. Bf5 Re7 44. Rxe7 Nxe7 45. Bd7 Nd5 46. Bf5
Kd6 47. Bg6 Ke5 48. Be8 Nc7 49. Bc6 Kf4 50. Ke2 f5 51. Kf1 g4 52. fxg4 Kxg4 53.
Bd7 Kxh5 54. Bxf5 Kg5 55. Bd7 Kf4 56. Bc6 Ke5 57. Kg2 Kd6 58. Bb7 Nd5 59. Kg3
Nxc3 60. Kg4 Ne2 61. Be4 Ke5 62. Bg6 Nf4 63. Be8 b4 64. Ba4 Ne2 65. Bb5 Kd4 66.
f4 b3 67. Bxc4 bxc2 0-1

[Event "21ème open inter de La Réunion"]
[Site "Salle des fêtes de Bellepierr"]
[Date "2019.10.20"]
[Round "3.6"]
[White "Larmet, Nino"]
[Black "Quere, Alexandre"]
[Result "1/2-1/2"]
[WhiteElo "1738"]
[BlackElo "2042"]
[PlyCount "102"]
[EventDate "2019.??.??"]

1. e4 c5 2. Nc3 Nc6 3. g3 g6 4. Bg2 Bg7 5. d3 d6 6. Nge2 e6 7. O-O Rb8 8. a4 b6
9. Be3 Nd4 10. f4 Nxe2+ 11. Qxe2 Ne7 12. Nd1 O-O 13. c3 Ba6 14. Rf3 d5 15. e5
d4 16. cxd4 cxd4 17. Bd2 Bb7 18. Rf1 Bxg2 19. Kxg2 Qd5+ 20. Kg1 a5 21. Nf2 Rbc8
22. Rfc1 Qb3 23. Qd1 Qxb2 24. Rcb1 Qc2 25. Rxb6 Nd5 26. Rb5 g5 27. Rxa5 gxf4
28. Bxf4 Qxd1+ 29. Rxd1 Nc3 30. Ra1 f6 31. exf6 Rxf6 32. Ra6 Ne2+ 33. Kf1 Nxf4
34. gxf4 Rcf8 35. Ra2 Bh6 36. Rd6 Bxf4 37. Rxd4 e5 38. Rc4 Be3 39. Rcc2 Bd4 40.
a5 Ra8 41. Kg2 Rg6+ 42. Kf3 Rga6 43. Rc7 Rf8+ 44. Kg2 Rxf2+ 45. Rxf2 Bxf2 46.
Kxf2 Rxa5 47. Ke3 Rd5 48. h4 h5 49. Rc4 Kf7 50. Ke4 Rd6 51. Rc7+ Ke6 1/2-1/2

[Event "21ème open inter de La Réunion"]
[Site "Salle des fêtes de Bellepierr"]
[Date "2019.10.20"]
[Round "3.7"]
[White "Roblet, Charles"]
[Black "Padre, Maxime"]
[Result "1-0"]
[WhiteElo "2063"]
[BlackElo "1512"]
[PlyCount "67"]
[EventDate "2019.??.??"]

1. e4 d5 2. d4 dxe4 3. Nc3 Nf6 4. f3 e3 5. Bxe3 e6 6. Qd2 Bb4 7. Bg5 Nc6 8. a3
Ba5 9. Rd1 h6 10. Bh4 g5 11. Bf2 Nd5 12. b4 Bb6 13. Bb5 Nxc3 14. Qxc3 Qd5 15.
Bc4 Qf5 16. Ne2 Qf6 17. O-O Bd7 18. Ng3 O-O-O 19. Ne4 Qg7 20. Nc5 Bxc5 21. bxc5
Rdg8 22. Rb1 g4 23. f4 h5 24. Qb2 b6 25. d5 Qxb2 26. Rxb2 Na5 27. Ba6+ Kd8 28.
c6 Bc8 29. Bh4+ Ke8 30. Bxc8 Nc4 31. Rb4 Nd6 32. Bd7+ Kf8 33. dxe6 Nf5 34. exf7
1-0

[Event "21ème open inter de La Réunion"]
[Site "Salle des fêtes de Bellepierr"]
[Date "2019.10.20"]
[Round "3.8"]
[White "Dijoux, Julien"]
[Black "Desire, Michael"]
[Result "1/2-1/2"]
[WhiteElo "1891"]
[BlackElo "1652"]
[PlyCount "30"]
[EventDate "2019.??.??"]

1. e4 c6 2. d4 d5 3. exd5 cxd5 4. Bd3 Nf6 5. Nf3 g6 6. O-O Bg7 7. h3 Nbd7 8. a4
O-O 9. a5 Qc7 10. Nc3 a6 11. Re1 Re8 12. Ne5 e6 13. Bf4 Nh5 14. Bh2 Nxe5 15.
dxe5 Bf8 1/2-1/2

[Event "21ème open inter de La Réunion"]
[Site "Salle des fêtes de Bellepierr"]
[Date "2019.10.20"]
[Round "3.10"]
[White "Evrin, Selvam"]
[Black "Eric Andriana, Fitia"]
[Result "1-0"]
[WhiteElo "1788"]
[BlackElo "1325"]
[PlyCount "139"]
[EventDate "2019.??.??"]

1. e4 e5 2. Nf3 Nc6 3. Bc4 Bc5 4. d3 Nf6 5. O-O O-O 6. c3 d6 7. a4 a5 8. Re1
Bg4 9. Nbd2 Ba7 10. Nf1 Ne7 11. h3 Bd7 12. Be3 Ng6 13. Bxa7 Rxa7 14. d4 Re8 15.
Ng5 Re7 16. dxe5 Nxe5 17. Bb3 h6 18. Nf3 Bc6 19. Ng3 Qe8 20. Nd4 g6 21. Nxc6
Nxc6 22. Qd3 Ra8 23. f4 Kg7 24. Re2 Rd8 25. Rae1 h5 26. Qf3 Rdd7 27. Nf1 Rd8
28. g4 hxg4 29. hxg4 Qd7 30. g5 Nh5 31. Ng3 Nxg3 32. Qxg3 Rh8 33. Rh2 Rxh2 34.
Qxh2 Re8 35. Qh6+ Kg8 36. f5 gxf5 37. g6 Ne5 38. gxf7+ Nxf7 39. Re2 Rxe4 40.
Rg2+ Rg4 41. Rxg4+ fxg4 42. Be6 Qe7 43. Qg6+ Kf8 44. Kg2 b6 45. b4 axb4 46.
cxb4 c6 47. a5 bxa5 48. bxa5 Ke8 49. Qxf7+ Qxf7 50. Bxf7+ Kd7 51. Be6+ Kc7 52.
Bxg4 c5 53. Bf3 Kb8 54. Bc6 Ka7 55. Bb5 d5 56. Kf3 c4 57. Ke3 Ka8 58. Kd4 Ka7
59. Kc3 Kb8 60. Bc6 Ka7 61. Bxd5 Ka6 62. Kb4 c3 63. Be4 Ka7 64. Bd3 Kb7 65.
Kxc3 Ka7 66. Kb4 Kb7 67. Kb5 Kb8 68. Kb6 Ka8 69. Be4+ Kb8 70. a6 1-0

[Event "21ème open inter de La Réunion"]
[Site "Salle des fêtes de Bellepierr"]
[Date "2019.10.20"]
[Round "3.11"]
[White "Folio, Raphael"]
[Black "Goorsahye, Antoine"]
[Result "0-1"]
[WhiteElo "1440"]
[BlackElo "1786"]
[PlyCount "76"]
[EventDate "2019.??.??"]

1. d4 d5 2. Nf3 Nf6 3. e3 Bf5 4. Be2 e6 5. b3 c5 6. Bb2 Nc6 7. a3 Bd6 8. Nbd2
O-O 9. O-O cxd4 10. Nxd4 Nxd4 11. Bxd4 a6 12. c4 Rc8 13. b4 e5 14. c5 exd4 15.
cxd6 d3 16. Bf3 Qxd6 17. h3 Rc3 18. Qa4 Rfc8 19. Rfe1 Ne4 20. Bxe4 dxe4 21. Qa5
Bg6 22. Rf1 Qe6 23. Kh2 h6 24. f4 exf3 25. Rxf3 Rc2 26. Rd1 b5 27. e4 Qe5+ 28.
Kg1 Rxd2 29. Rxd2 Rc1+ 30. Kf2 Qd4+ 31. Re3 Bxe4 32. Qxa6 Qe5 33. Rexd3 Qf4+
34. Ke2 Bxd3+ 35. Kxd3 Qg3+ 36. Ke4 Re1+ 37. Kd5 Qb3+ 38. Kd4 Qc4# 0-1

[Event "21ème open inter de La Réunion"]
[Site "Salle des fêtes de Bellepierr"]
[Date "2019.10.20"]
[Round "3.12"]
[White "Ova, Roberto"]
[Black "De Peindray D'Ambell, Philippe"]
[Result "0-1"]
[WhiteElo "1328"]
[BlackElo "1724"]
[PlyCount "81"]
[EventDate "2019.??.??"]

1. d4 Nf6 2. c4 e6 3. Nc3 Bb4 4. Bg5 h6 5. Bxf6 Qxf6 6. e3 Bxc3+ 7. bxc3 O-O 8.
Nf3 d6 9. Bd3 Re8 10. O-O Nd7 11. Qe2 Qe7 12. Nd2 Nf6 13. Ne4 Nxe4 14. Bxe4 Rb8
15. a4 a5 16. Rab1 b6 17. Bc6 Rf8 18. Rb5 Ba6 19. Rfb1 Bxb5 20. cxb5 f5 21. c4
Rf6 22. f3 g5 23. Re1 Kg7 24. e4 fxe4 25. Bxe4 Qf7 26. d5 e5 27. g4 Rf4 28. Rf1
Rf8 29. Qd3 h5 30. h3 hxg4 31. hxg4 Rh8 32. Rf2 Qf6 33. Qd2 Rh4 34. Qe2 Qh6 35.
Rh2 Rf8 36. Qf2 Rh8 37. Rxh4 gxh4 38. Kh2 Qf4+ 39. Kh3 Qc1 40. Bd3 Qh1+ 41. Qh2
0-1

[Event "21ème open inter de La Réunion"]
[Site "Salle des fêtes de Bellepierr"]
[Date "2019.10.20"]
[Round "3.13"]
[White "Bah, Ismael"]
[Black "Folio, Pierre"]
[Result "0-1"]
[WhiteElo "1660"]
[BlackElo "1246"]
[PlyCount "106"]
[EventDate "2019.??.??"]

1. c4 e6 2. g3 d5 3. cxd5 exd5 4. Bg2 Nf6 5. d3 Bb4+ 6. Bd2 Bxd2+ 7. Qxd2 O-O
8. Nf3 c6 9. O-O Be6 10. Qc3 Nbd7 11. Nbd2 Qb6 12. Nb3 Rac8 13. Rac1 Rfe8 14.
Qa5 Qxa5 15. Nxa5 Rc7 16. Rfe1 Bg4 17. h3 Bxf3 18. Bxf3 Ne5 19. Bg2 Rce7 20. d4
Nd3 21. exd3 Rxe1+ 22. Rxe1 Rxe1+ 23. Bf1 Rb1 24. b3 Ra1 25. a4 Rb1 26. Kg2 b6
27. Nxc6 Rxb3 28. Nxa7 Ra3 29. Nc8 Rxa4 30. Nxb6 Rxd4 31. Kf3 Kf8 32. Nc8 g6
33. Na7 Ra4 34. Nb5 Ke7 35. Ke3 Rb4 36. Nd4 Kd6 37. Be2 Nd7 38. h4 f5 39. h5
Ne5 40. hxg6 hxg6 41. f3 Nc6 42. Nc2 Rb2 43. Bd1 g5 44. d4 Nb4 45. Nxb4 Rxb4
46. Bc2 Ke6 47. f4 gxf4+ 48. gxf4 Rb2 49. Bd3 Rb3 50. Kd2 Kf6 51. Be2 Kg6 52.
Bd3 Rxd3+ 53. Kxd3 Kh5 0-1

[Event "21ème open inter de La Réunion"]
[Site "Salle des fêtes de Bellepierr"]
[Date "2019.10.20"]
[Round "3.14"]
[White "Gallais, Flavien"]
[Black "Dace, Jean Emeric"]
[Result "0-1"]
[WhiteElo "1236"]
[BlackElo "1654"]
[PlyCount "46"]
[EventDate "2019.??.??"]

1. e4 e6 2. d4 d5 3. e5 c5 4. c3 Nc6 5. Nf3 Qb6 6. a3 Bd7 7. b4 cxb4 8. cxb4
Nge7 9. Bb2 Ng6 10. Bd3 Nf4 11. O-O Nxd3 12. Qxd3 Ne7 13. Nc3 Ng6 14. Ne2 Be7
15. Rac1 O-O 16. Qb1 Bb5 17. Rfe1 Rac8 18. Ng3 Nf4 19. Rxc8 Rxc8 20. Re3 g5 21.
Rc3 Rxc3 22. Bxc3 h5 23. Nh1 Ne2+ 0-1

[Event "21ème open inter de La Réunion"]
[Site "Salle des fêtes de Bellepierr"]
[Date "2019.10.20"]
[Round "3.15"]
[White "Pun Chung, Leo"]
[Black "Sandjivy, Jean Marc"]
[Result "1-0"]
[WhiteElo "1654"]
[BlackElo "1218"]
[PlyCount "53"]
[EventDate "2019.??.??"]

1. e4 e6 2. d3 c5 3. Nf3 Nc6 4. Nbd2 g6 5. g3 Bg7 6. Bg2 d6 7. O-O Nf6 8. Re1
O-O 9. a4 Bd7 10. c3 Qb6 11. Nc4 Qc7 12. e5 Ne8 13. exd6 Nxd6 14. Bf4 e5 15.
Ncxe5 Be6 16. Nxc6 Qxc6 17. Nd4 Qb6 18. a5 Qd8 19. Nxe6 fxe6 20. Rxe6 Rf6 21.
Bg5 Qd7 22. Rxf6 Bxf6 23. Bxf6 Rf8 24. Be5 Nf5 25. Qb3+ Rf7 26. Bd5 Nh6 27.
Bxf7+ 1-0

[Event "21ème open inter de La Réunion"]
[Site "Salle des fêtes de Bellepierr"]
[Date "2019.10.20"]
[Round "3.16"]
[White "Rajaobelina, Hery"]
[Black "Leliboux, Thais"]
[Result "1-0"]
[WhiteElo "1625"]
[BlackElo "1181"]
[PlyCount "87"]
[EventDate "2019.??.??"]

1. e4 c6 2. d4 d5 3. Nd2 dxe4 4. Nxe4 Nd7 5. Qe2 e6 6. Bg5 Ngf6 7. Nxf6+ Nxf6
8. Bd2 Be7 9. Nf3 O-O 10. O-O-O Qd5 11. c4 Qe4 12. h3 Qxe2 13. Bxe2 c5 14. Bc3
Ne4 15. Be1 a6 16. d5 exd5 17. Rxd5 Be6 18. Re5 Nf6 19. Bd2 b5 20. Ng5 Bd6 21.
Nxe6 Bxe5 22. Nxf8 Kxf8 23. cxb5 axb5 24. Kb1 b4 25. Bf3 Rc8 26. Rc1 Bd4 27.
Bxb4 Bxf2 28. Rc2 Bd4 29. Bc3 Rd8 30. Bxd4 cxd4 31. Rd2 Ke7 32. b4 Ke6 33. Kb2
Ke5 34. a4 Rc8 35. Rc2 Rxc2+ 36. Kxc2 Nd5 37. Bxd5 Kxd5 38. Kd3 f5 39. a5 Kc6
40. Kxd4 Kb5 41. Ke5 g6 42. Kf6 f4 43. Kg7 g5 44. Kh6 1-0

[Event "21ème open inter de La Réunion"]
[Site "Salle des fêtes de Bellepierr"]
[Date "2019.10.20"]
[Round "3.17"]
[White "Bosi-Lagarde, Arthur"]
[Black "Frelicot, Eric"]
[Result "0-1"]
[WhiteElo "1100"]
[BlackElo "1609"]
[PlyCount "80"]
[EventDate "2019.??.??"]

1. e4 g6 2. Nf3 Bg7 3. Bc4 e6 4. c3 Ne7 5. d3 O-O 6. Nbd2 a6 7. O-O b5 8. Bb3
c5 9. Re1 Nbc6 10. Nf1 Bb7 11. Be3 d6 12. Ng3 b4 13. Rc1 a5 14. Ba4 Nc8 15. Qb3
Nb6 16. Bb5 Na7 17. Ba4 Nxa4 18. Qxa4 Ba6 19. Red1 Bb5 20. Qc2 Qe8 21. b3 Nc6
22. c4 Ba6 23. Qd2 Bc8 24. Bh6 Qe7 25. Re1 e5 26. Bxg7 Kxg7 27. Qe3 a4 28. Ra1
Bg4 29. h3 Bxf3 30. Qxf3 Nd4 31. Qd1 axb3 32. axb3 Rxa1 33. Qxa1 Nxb3 34. Qb2
Nd4 35. Ne2 Ra8 36. Nxd4 exd4 37. f4 Qh4 38. Qd2 Ra2 39. Qxa2 Qxe1+ 40. Kh2 Qe3
0-1

[Event "21ème open inter de La Réunion"]
[Site "Salle des fêtes de Bellepierr"]
[Date "2019.10.20"]
[Round "3.18"]
[White "Fondrat, Johan"]
[Black "Naquin, Miguel"]
[Result "1-0"]
[WhiteElo "1541"]
[BlackElo "1009"]
[PlyCount "45"]
[EventDate "2019.??.??"]

1. e4 e5 2. Nf3 Nc6 3. Bc4 Bb4 4. O-O Nf6 5. d4 exd4 6. Nxd4 Nxe4 7. Qf3 Ng5 8.
Bxg5 Qxg5 9. Re1+ Be7 10. Qxf7+ Kd8 11. Nf5 Rf8 12. Qxe7+ Qxe7 13. Nxe7 d6 14.
Nc3 a6 15. Rad1 Bg4 16. f3 Bf5 17. Nxf5 Rxf5 18. Bb3 Ra5 19. Ba4 b5 20. Bb3 b4
21. Bd5 Ra7 22. Bxc6 bxc3 23. Re8# 1-0

[Event "21ème open inter de La Réunion"]
[Site "Salle des fêtes de Bellepierr"]
[Date "2019.10.20"]
[Round "3.19"]
[White "Erudel, Maeva"]
[Black "Grondin, Marine"]
[Result "0-1"]
[WhiteElo "1009"]
[BlackElo "1478"]
[PlyCount "88"]
[EventDate "2019.??.??"]

1. d4 e6 2. e3 Nf6 3. c3 d5 4. Nd2 b6 5. Bd3 Bb7 6. f4 c5 7. Ngf3 Bd6 8. b3 Nc6
9. Bb2 Rc8 10. Rc1 O-O 11. O-O cxd4 12. cxd4 Nb4 13. Be2 Ba6 14. Bxa6 Nxa6 15.
h3 Nb4 16. Ne1 Qd7 17. a3 Rxc1 18. Bxc1 Nc6 19. Nd3 Rc8 20. Qf3 Qe7 21. Ne5
Bxa3 22. Bxa3 Qxa3 23. e4 Nxd4 24. Qd3 Qc5 25. Nef3 Nxf3+ 26. Kh1 Nxd2 27. Qxd2
Nxe4 28. Qb2 Ng3+ 29. Kh2 Nxf1+ 30. Kh1 Qc1 31. Qxc1 Rxc1 32. Kg1 Nd2+ 33. Kf2
Nxb3 34. Ke3 a5 35. Kd3 a4 36. g4 a3 37. h4 a2 38. h5 Rg1 39. g5 Nc5+ 40. Ke3
Rg3+ 41. Kf2 Rb3 42. h6 a1=Q 43. hxg7 Qa2+ 44. Ke1 Rb1# 0-1

[Event "21ème open inter de La Réunion"]
[Site "Salle des fêtes de Bellepierr"]
[Date "2019.10.20"]
[Round "3.20"]
[White "Vaast, Jean"]
[Black "Alex-Geerjanan, Nils"]
[Result "1/2-1/2"]
[WhiteElo "1355"]
[BlackElo "1009"]
[PlyCount "61"]
[EventDate "2019.??.??"]

1. b4 e5 2. Bb2 d6 3. c4 Be6 4. e3 Nf6 5. Be2 c6 6. Nc3 d5 7. c5 b6 8. d4 a5 9.
a3 axb4 10. axb4 Rxa1 11. Qxa1 Ne4 12. Nf3 Be7 13. O-O O-O 14. dxe5 bxc5 15.
bxc5 Bxc5 16. Rd1 Nxc3 17. Bxc3 Re8 18. Nd4 Bd7 19. f4 Qc7 20. Kf2 Bxd4 21.
Bxd4 Bf5 22. g4 Be4 23. Qb2 Nd7 24. h3 f6 25. exf6 Nxf6 26. Bxf6 gxf6 27. Qxf6
c5 28. Qg5+ Qg7 29. Qh5 Qg6 30. Qxg6+ hxg6 31. h4 1/2-1/2

[Event "21ème open inter de La Réunion"]
[Site "Salle des fêtes de Bellepierr"]
[Date "2019.10.20"]
[Round "3.21"]
[White "Alleman, Robin"]
[Black "Torregrosa, Antoine"]
[Result "0-1"]
[WhiteElo "1098"]
[BlackElo "1501"]
[PlyCount "94"]
[EventDate "2019.??.??"]

1. e4 c5 2. Nf3 Nc6 3. Bb5 d6 4. O-O Bd7 5. d3 Nf6 6. Bf4 Qb6 7. Bxc6 Bxc6 8.
b3 g6 9. Nbd2 Bg7 10. e5 Nh5 11. Bg3 Nxg3 12. hxg3 dxe5 13. Re1 e4 14. Nxe4 O-O
15. c4 Rad8 16. Re3 Bxe4 17. Rxe4 Bxa1 18. Qxa1 Rxd3 19. Rxe7 Rfd8 20. Qe5 Qd6
21. Re8+ Rxe8 22. Qxe8+ Qf8 23. Qe4 Rd1+ 24. Kh2 Qh6+ 25. Nh4 Qc1 26. Qe8+ Kg7
27. Qe5+ Kh6 28. Nf5+ gxf5 29. Qf6+ Kh5 30. Qxf5+ Qg5 31. Qxf7+ Kh6 32. Qf8+
Kg6 33. Qg8+ Kf5 34. Qf7+ Ke4 35. Qxh7+ Qf5 36. f3+ Ke5 37. Qe7+ Qe6 38. Qg7+
Kd6 39. Qf8+ Kc6 40. g4 Qd6+ 41. Qxd6+ Kxd6 42. Kh3 Rd2 43. g5 Ke6 44. f4 Kf5
45. g4+ Kxf4 46. g6 Rd8 47. Kh4 Rf8 0-1

[Event "21ème open inter de La Réunion"]
[Site "Salle des fêtes de Bellepierr"]
[Date "2019.10.20"]
[Round "3.22"]
[White "Weber, Richard"]
[Black "Parame, Bruno"]
[Result "1-0"]
[WhiteElo "1486"]
[BlackElo "1199"]
[PlyCount "77"]
[EventDate "2019.??.??"]

1. e4 e6 2. a3 c5 3. Nf3 Nc6 4. d4 d6 5. d5 Nce7 6. Bb5+ Bd7 7. Bxd7+ Qxd7 8.
c4 e5 9. O-O Nf6 10. Nc3 Ng6 11. Re1 Be7 12. Qa4 Nf4 13. Bxf4 exf4 14. Qxd7+
Nxd7 15. e5 O-O 16. exd6 Bxd6 17. Nb5 Bb8 18. Re7 Nb6 19. b3 a6 20. Rxb7 axb5
21. Rxb6 b4 22. a4 Re8 23. Kf1 Bc7 24. Rc6 Bd8 25. Re1 Be7 26. d6 Bd8 27. Rxc5
Bb6 28. Rd5 h6 29. c5 Bd8 30. c6 Re6 31. c7 Bxc7 32. dxc7 Kh7 33. Rd8 Rc6 34.
Rxa8 Rxc7 35. Rb8 g5 36. h3 Rc2 37. Rxb4 Kg6 38. a5 Ra2 39. Ra4 1-0

[Event "21ème open inter de La Réunion"]
[Site "Salle des fêtes de Bellepierr"]
[Date "2019.10.20"]
[Round "3.23"]
[White "Sandjivy, Yann"]
[Black "Aujoulat, Fabrice"]
[Result "0-1"]
[WhiteElo "1120"]
[BlackElo "1400"]
[PlyCount "54"]
[EventDate "2019.??.??"]

1. e4 e5 2. Nf3 Nc6 3. Nc3 a6 4. Be2 Bb4 5. O-O Bxc3 6. dxc3 h6 7. b4 Nf6 8. c4
Nxb4 9. c3 Nc6 10. a3 Nxe4 11. Re1 O-O 12. Bd3 Nf6 13. Nxe5 Nxe5 14. Rxe5 d6
15. Re3 Ng4 16. Rg3 f5 17. f3 f4 18. Bxf4 Rxf4 19. fxg4 Qg5 20. Qe1 Bxg4 21.
Rxg4 Rxg4 22. Qe2 Rf8 23. h3 Rgf4 24. Qe6+ Kh8 25. g3 Qxg3+ 26. Kh1 Rf2 27. Rg1
Qh2# 0-1

[Event "21ème open inter de La Réunion"]
[Site "Salle des fêtes de Bellepierr"]
[Date "2019.10.20"]
[Round "3.24"]
[White "Fondrat, Thierry"]
[Black "Cavillot-Delestage, Raphael"]
[Result "1-0"]
[WhiteElo "1358"]
[BlackElo "1056"]
[PlyCount "129"]
[EventDate "2019.??.??"]

1. d4 d5 2. c4 dxc4 3. Nc3 e6 4. e3 b6 5. Bxc4 Bb7 6. Nf3 Nf6 7. O-O Bd6 8. Bd3
c5 9. dxc5 bxc5 10. e4 Bc7 11. Bg5 Nbd7 12. Re1 Ne5 13. Nxe5 Bxe5 14. Bb5+ Kf8
15. Qb3 Qb8 16. Qc4 Bxh2+ 17. Kf1 Bd6 18. Rad1 Qc7 19. Ba4 Ng4 20. Nb5 Ba6 21.
Rxd6 Bxb5 22. Qxb5 Qxd6 23. g3 f6 24. Rd1 Qe7 25. Rd7 Qe8 26. Qxc5+ Kg8 27.
Rxg7+ Kxg7 28. Bxe8 Rhxe8 29. Bd2 Red8 30. Bc3 Rd1+ 31. Kg2 Rc1 32. Qe7+ Kg6
33. Qxe6 Rc2 34. Qxg4+ Kf7 35. Qd7+ Kg6 36. Qe6 Rf8 37. Qf5+ Kg7 38. e5 Re2 39.
exf6+ Kg8 40. Qg4+ Kf7 41. Qxe2 Re8 42. Qh5+ Ke6 43. Qe5+ Kf7 44. Qxe8+ Kxe8
45. f4 Kf7 46. g4 Kf8 47. Kg3 a5 48. a4 h6 49. Kh4 Kf7 50. Kh5 Kg8 51. Kxh6 Kh8
52. Bxa5 Kg8 53. g5 Kh8 54. g6 Kg8 55. Bc3 Kf8 56. Kh7 Ke8 57. g7 Kd7 58. g8=Q
Kd6 59. Qd8+ Ke6 60. Qe7+ Kd5 61. Qe5+ Kc6 62. Bb4 Kd7 63. Qd6+ Kc8 64. Qe7 Kb8
65. f7 1-0

[Event "21ème open inter de La Réunion"]
[Site "Salle des fêtes de Bellepierr"]
[Date "2019.10.20"]
[Round "3.25"]
[White "Eboue, Yuri"]
[Black "Mohamed, Keziah"]
[Result "1-0"]
[WhiteElo "1310"]
[BlackElo "1033"]
[PlyCount "51"]
[EventDate "2019.??.??"]

1. e4 c5 2. Nf3 d6 3. d4 cxd4 4. Nxd4 Nf6 5. Nc3 a6 6. Bc4 e6 7. Nf3 Nc6 8. Bg5
Be7 9. O-O O-O 10. a3 b5 11. Ba2 Bb7 12. Nd4 Nxd4 13. Qxd4 Qc7 14. Rad1 Rfd8
15. Qe3 Qc6 16. f3 d5 17. exd5 Bc5 18. dxc6 Bxe3+ 19. Bxe3 Bxc6 20. Bg5 Rac8
21. Bxf6 gxf6 22. Rxd8+ Rxd8 23. Rd1 Rc8 24. Rd6 Bb7 25. Kf2 Rc7 26. Bb3 1-0

[Event "21ème open inter de La Réunion"]
[Site "Salle des fêtes de Bellepierr"]
[Date "2019.10.20"]
[Round "3.26"]
[White "Buchle, Philippe"]
[Black "Erudel, Irina"]
[Result "1-0"]
[WhiteElo "1199"]
[BlackElo "1009"]
[PlyCount "77"]
[EventDate "2019.??.??"]

1. d4 d5 2. c4 Nf6 3. Nc3 e6 4. Nf3 Nc6 5. e3 Bd6 6. c5 Be7 7. a3 b6 8. b4 a6
9. Bb2 a5 10. b5 Nb8 11. c6 Ne4 12. Qc2 Nxc3 13. Bxc3 a4 14. Bd3 g6 15. Ne5 Bd6
16. Nf3 O-O 17. h4 h5 18. Bb4 Bxb4+ 19. axb4 Qd6 20. Rxa4 e5 21. Rxa8 Qxb4+ 22.
Nd2 exd4 23. O-O Be6 24. Ra4 Qd6 25. Rxd4 Qe5 26. Nf3 Qf6 27. Rf4 Qg7 28. Ra1
Qxa1+ 29. Kh2 Rd8 30. Ra4 Qf6 31. Ng5 Qe5+ 32. g3 d4 33. f4 Qxe3 34. Bxg6 d3
35. Bh7+ Kf8 36. Nxe6+ fxe6 37. Qb2 d2 38. Qf6+ Ke8 39. Bg6# 1-0

[Event "21ème open inter de La Réunion"]
[Site "Salle des fêtes de Bellepierr"]
[Date "2019.10.20"]
[Round "3.27"]
[White "Khantalina, Ilariya"]
[Black "Folio, Thomas"]
[Result "0-1"]
[WhiteElo "1009"]
[BlackElo "1199"]
[PlyCount "114"]
[EventDate "2019.??.??"]

1. e4 e6 2. Nf3 d5 3. exd5 exd5 4. Be2 Bd6 5. O-O Nf6 6. d4 O-O 7. Bg5 h6 8.
Bxf6 Qxf6 9. Nc3 c6 10. Qd2 Bf5 11. Bd3 Bxd3 12. cxd3 Nd7 13. Rfe1 Rfe8 14. Re2
Re7 15. Rae1 Rae8 16. Nd1 Rxe2 17. Rxe2 Rxe2 18. Qxe2 Qe7 19. Qxe7 Bxe7 20. Kf1
Bf6 21. Nc3 Kf8 22. Ne2 Ke7 23. Ke1 Kd6 24. Kd2 c5 25. dxc5+ Kxc5 26. Ng3 Bxb2
27. Kc2 Bf6 28. Nf5 b5 29. N3h4 Bxh4 30. Nxh4 g6 31. g3 Kb4 32. Kb2 Ne5 33. d4
Nd3+ 34. Kc2 Nxf2 35. Nf3 Ka3 36. Kc3 b4+ 37. Kd2 Kxa2 38. Ne5 b3 39. Nxf7 h5
40. Ke2 Ne4 41. h3 Nxg3+ 42. Kf3 Nf5 43. Kf4 b2 44. Kf3 a5 45. Kf4 b1=Q 46. Ne5
Qe4+ 47. Kg5 Nxd4 48. Nxg6 Ne6+ 49. Kxh5 Qf5+ 50. Kh6 Qxh3+ 51. Nh4 Qxh4+ 52.
Kg6 Qg5+ 53. Kf7 Nd8+ 54. Kf8 Qf6+ 55. Kg8 Qe7 56. Kh8 Ne6 57. Kg8 Qg7# 0-1

[Event "21ème open inter de La Réunion"]
[Site "Salle des fêtes de Bellepierr"]
[Date "2019.10.20"]
[Round "4.1"]
[White "Lorans, Sylvain"]
[Black "Rodier, David"]
[Result "0-1"]
[WhiteElo "2116"]
[BlackElo "2161"]
[PlyCount "76"]
[EventDate "2019.??.??"]

1. d4 d5 2. c4 c6 3. Nf3 Nf6 4. Nc3 a6 5. a4 Bf5 6. Qb3 Ra7 7. Bg5 e6 8. Bxf6
gxf6 9. a5 Qe7 10. e3 Nd7 11. Be2 Be4 12. O-O Rg8 13. cxd5 exd5 14. Nxe4 Qxe4
15. Ne1 Bd6 16. Bd3 Qh4 17. g3 Qh3 18. Qc2 Rg5 19. f4 Rh5 20. Nf3 Ke7 21. Rae1
Ra8 22. e4 dxe4 23. Bxe4 Kd8 24. Nh4 Rxh4 25. gxh4 Qxh4 26. Qf2 Qh5 27. Qe2
Qxa5 28. Bxc6 Kc7 29. Bxd7 Kxd7 30. Qc4 Qh5 31. Qa4+ b5 32. Qb3 Rc8 33. Re3 Rc4
34. Qa2 Bxf4 35. Rxf4 Qg5+ 36. Rg3 Qxf4 37. Rc3 Qxd4+ 38. Kg2 Qd5+ 0-1

[Event "21ème open inter de La Réunion"]
[Site "Salle des fêtes de Bellepierr"]
[Date "2019.10.20"]
[Round "4.2"]
[White "Hamon, Christian"]
[Black "Gimenez Martinez, Alberto"]
[Result "1/2-1/2"]
[WhiteElo "2001"]
[BlackElo "2225"]
[PlyCount "106"]
[EventDate "2019.??.??"]

1. Nf3 d5 2. g3 Nf6 3. Bg2 e6 4. O-O Nbd7 5. d4 Be7 6. c4 dxc4 7. Nc3 Rb8 8. a4
O-O 9. Bf4 a6 10. a5 h6 11. e4 b5 12. axb6 Nxb6 13. Ne5 Bb7 14. Be3 Nfd7 15.
Nxd7 Qxd7 16. f4 f5 17. Qe2 Qc8 18. Rfe1 Rd8 19. Bf2 Bf6 20. Rad1 Kh7 21. g4 g6
22. h4 Rg8 23. g5 Bh8 24. gxh6 Bf6 25. d5 exd5 26. e5 Be7 27. Nxd5 Bxd5 28.
Bxd5 Nxd5 29. Rxd5 Rd8 30. Qxc4 Rxd5 31. Qxd5 Kxh6 32. Re2 Qd8 33. Qxd8 Rxd8
34. Rc2 c5 35. Kg2 Kh5 36. Be3 Kg4 37. Kf2 Bxh4+ 38. Ke2 Be7 39. Rc1 Rb8 40.
Rg1+ Kh5 41. Rh1+ Kg4 42. Rg1+ Kh5 43. Rh1+ Bh4 44. Bxc5 Rxb2+ 45. Kf3 Rb3+ 46.
Be3 a5 47. e6 Rb7 48. e7 Rb8 49. Bb6 Re8 50. Bf2 g5 51. fxg5 Rxe7 52. Bxh4 Re4
53. Be1+ Kxg5 1/2-1/2

[Event "21ème open inter de La Réunion"]
[Site "Salle des fêtes de Bellepierr"]
[Date "2019.10.20"]
[Round "4.3"]
[White "Hercules, Benjamin Vincent"]
[Black "Larmet, Nino"]
[Result "1-0"]
[WhiteElo "2182"]
[BlackElo "1738"]
[PlyCount "73"]
[EventDate "2019.??.??"]

1. d4 d5 2. c4 e6 3. Nc3 Nf6 4. cxd5 exd5 5. Bg5 Be7 6. e3 c6 7. Bd3 Nbd7 8.
Qc2 Nf8 9. Nf3 Ng6 10. O-O O-O 11. Rab1 Be6 12. b4 Nd7 13. Bxe7 Qxe7 14. b5 c5
15. dxc5 Nxc5 16. Nd4 Nxd3 17. Qxd3 Ne5 18. Qe2 Rfd8 19. h3 Nc4 20. Rfd1 Rac8
21. Rbc1 Nd6 22. Qf3 Qg5 23. Nce2 Bd7 24. Rxc8 Rxc8 25. Nf4 Ne4 26. Nb3 Nc3 27.
Rd2 Nxb5 28. Rxd5 Qe7 29. Nh5 Bc6 30. Qg4 f5 31. Qxf5 Rd8 32. Rxb5 Qc7 33. Re5
Rd1+ 34. Kh2 Rd5 35. f4 Rd1 36. Qe6+ Kh8 37. Qe8+ 1-0